[Event "Maribor Pirc Memorial op 20th"]
[Site "Maribor"]
[Date "2017.06.24"]
[Round "1"]
[White "Murko, Tadej"]
[Black "Stevanic, David"]
[Result "0-1"]
[WhiteElo "1444"]
[BlackElo "2069"]
[PlyCount "112"]
[EventDate "2017.06.24"]
[EventType "swiss"]
[EventRounds "9"]
[EventCountry "SLO"]
[SourceTitle "CBM 179 Extra"]
[Source "ChessBase"]
[SourceDate "2017.08.23"]
[SourceVersion "1"]
[SourceVersionDate "2017.08.23"]
[SourceQuality "1"]

1. e4 e5 2. Nf3 Nc6 3. Bc4 Bc5 4. b4 Bxb4 5. c3 Be7 6. d4 d6 7. Qb3 Na5 8. Bxf7+ Kf8 9. Qa4 Kxf7 10. Qxa5 b6 11. Qb5 Bd7 12. Qd3 Bf6 13. 0-0 Ne7 14. Ng5+ Bxg5 15. Bxg5 h6 16. Bh4 g5 17. Bg3 Ng6 18. Rd1 Be6 19. Nd2 Qf6 20. Qf3 Rad8 21. Qxf6+ Kxf6 22. Nf3 Rd7 23. Rd2 Rhd8 24. Rad1 Bg4 25. dxe5+ dxe5 26. Rxd7 Rxd7 27. Rxd7 Bxd7 28. a3 Bb5 29. Nd2 Nf8 30. f3 Ne6 31. Kf2 Nc5 32. Ke3 Na4 33. Nb1 Bf1 34. Kf2 Bd3 35. Nd2 Nxc3 36. Ke3 Bb5 37. Nb3 Bc4 38. Nc1 Bb5 39. Nd3 Bxd3 40. Kxd3 Nb5 41. a4 Nd4 42. Bf2 c5 43. Kc4 Ke6 44. a5 Kd6 45. axb6 axb6 46. h4 b5+ 47. Kc3 gxh4 48. Bxh4 Ne2+ 49. Kd2 Nf4 50. g3 Ne6 51. f4 c4 52. f5 Nc5 53. Ke3 b4 54. Bd8 b3 55. f6 b2 56. f7 Ne6 0-1

[Event "SLO-ch U14"]
[Site "Ptuj"]
[Date "2017.03.01"]
[Round "7"]
[White "Kobe, Jure"]
[Black "Murko, Tadej"]
[Result "0-1"]
[WhiteElo "1292"]
[BlackElo "1516"]
[PlyCount "82"]
[EventDate "2017.02.25"]
[EventType "swiss"]
[EventRounds "9"]
[EventCountry "SLO"]
[SourceTitle "CBM 177 Extra"]
[Source "ChessBase"]
[SourceDate "2017.04.27"]
[SourceVersion "1"]
[SourceVersionDate "2017.04.27"]
[SourceQuality "1"]

1. e4 c5 2. Nf3 d6 3. d4 cxd4 4. Nxd4 Nf6 5. Nc3 g6 6. Be3 Bg7 7. f3 0-0 8. Qd2 Nc6 9. Bc4 Bd7 10. 0-0-0 Rc8 11. Bb3 Ne5 12. Kb1 Nc4 13. Bxc4 Rxc4 14. g4 b5 15. Nb3 a5 16. Qd3 Qc7 17. h4 b4 18. Nd5 Nxd5 19. exd5 a4 20. Nd4 Ra8 21. Nc6 Rxc6 22. dxc6 Bxc6 23. Rhf1 Qb7 24. Qc4 Bxf3 25. Rd2 Rf8 26. Bg5 Be4 27. Bxe7 Qxe7 28. Qxb4 Re8 29. Qxa4 d5 30. g5 Rb8 31. b3 Qe5 32. Rf6 Bxf6 33. gxf6 Qxf6 34. Qa7 Rc8 35. Qb7 Qf5 36. Rf2 Bxc2+ 37. Kb2 Qe5+ 38. Ka3 Bf5 39. Rd2 Be6 40. Rf2 Qd6+ 41. Kb2 Qc5 0-1

[Event "SLO-ch U14"]
[Site "Ptuj"]
[Date "2017.02.26"]
[Round "2"]
[White "Murko, Tadej"]
[Black "Meglic, Enej"]
[Result "1-0"]
[WhiteElo "1516"]
[BlackElo "1545"]
[PlyCount "59"]
[EventDate "2017.02.25"]
[EventType "swiss"]
[EventRounds "9"]
[EventCountry "SLO"]
[SourceTitle "CBM 177 Extra"]
[Source "ChessBase"]
[SourceDate "2017.04.27"]
[SourceVersion "1"]
[SourceVersionDate "2017.04.27"]
[SourceQuality "1"]

1. e4 e5 2. Nf3 Nc6 3. Bc4 Bc5 4. b4 Bxb4 5. c3 Be7 6. d4 Na5 7. Nxe5 Nxc4 8. Nxc4 d5 9. exd5 Qxd5 10. Ne3 Qa5 11. 0-0 Nf6 12. Bb2 0-0 13. Nd2 c6 14. Re1 Be6 15. c4 Bb4 16. Re2 Qa6 17. Qc2 Ng4 18. h4 Nxe3 19. Rxe3 Bxd2 20. Qxd2 Qxc4 21. Rg3 Qb5 22. d5 f6 23. dxe6 Rae8 24. Qd7 g6 25. e7 Qxb2 26. Re1 Qb4 27. exf8Q+ Rxf8 28. Re7 Qxh4 29. Rg7+ Kh8 30. Rh3 1-0

[Event "EU Union-ch U12 14th"]
[Site "Mureck"]
[Date "2016.08.10"]
[Round "8"]
[White "Kristoferitsch, Daniel"]
[Black "Murko, Tadej"]
[Result "1/2-1/2"]
[WhiteElo "1587"]
[BlackElo "1407"]
[PlyCount "72"]
[EventDate "2016.08.03"]
[EventType "swiss"]
[EventRounds "9"]
[EventCountry "AUT"]
[SourceTitle "CBM 174 Extra"]
[Source "ChessBase"]
[SourceDate "2016.10.10"]
[SourceVersion "1"]
[SourceVersionDate "2016.10.10"]
[SourceQuality "1"]

1. Nf3 d5 2. c4 e6 3. d4 Nf6 4. Nc3 Nbd7 5. Bg5 c6 6. e3 Qa5 7. Nd2 Bb4 8. Qc2 dxc4 9. Bxf6 Nxf6 10. Nxc4 Qc7 11. a3 Be7 12. Bd3 0-0 13. 0-0 Bd7 14. Rac1 h6 15. Ne5 Bd6 16. Nb5 Qb8 17. Nxd6 Qxd6 18. Qc5 Qxc5 19. Rxc5 Rac8 20. Rfc1 Rc7 21. b4 Rfc8 22. R5c2 Be8 23. b5 Nd5 24. e4 Ne7 25. Be2 Ng6 26. Nxg6 fxg6 27. f3 Kf7 28. bxc6 Rxc6 29. Rxc6 Rxc6 30. Rxc6 Bxc6 31. Bc4 Ke7 32. Kf2 Kd6 33. Ke3 b5 34. Bb3 a5 35. Kd3 Bb7 36. Kc3 Ba6 1/2-1/2

[Event "EU Union-ch U12 14th"]
[Site "Mureck"]
[Date "2016.08.05"]
[Round "3"]
[White "Putar, Leon"]
[Black "Murko, Tadej"]
[Result "1-0"]
[WhiteElo "1647"]
[BlackElo "1407"]
[PlyCount "25"]
[EventDate "2016.08.03"]
[EventType "swiss"]
[EventRounds "9"]
[EventCountry "AUT"]
[SourceTitle "CBM 174 Extra"]
[Source "ChessBase"]
[SourceDate "2016.10.10"]
[SourceVersion "1"]
[SourceVersionDate "2016.10.10"]
[SourceQuality "1"]

1. d4 d5 2. e3 Nf6 3. Bd3 e6 4. Nd2 c5 5. c3 Nbd7 6. f4 c4 7. Bc2 Be7 8. Ngf3 0-0 9. 0-0 b5 10. Qe1 Bb7 11. Qh4 Ne4 12. Qh3 Nxd2 13. Qxh7# 1-0

[Event "Ptuj op 10"]
[Site "Ptuj"]
[Date "2015.10.29"]
[Round "7"]
[White "Selisek, Leon"]
[Black "Murko, Tadej"]
[Result "1-0"]
[WhiteElo "1519"]
[BlackElo "1602"]
[PlyCount "55"]
[EventDate "2015.10.24"]
[EventType "swiss"]
[EventRounds "9"]
[EventCountry "SLO"]
[SourceTitle "CBM 169 Extra"]
[Source "ChessBase"]
[SourceDate "2015.12.18"]
[SourceVersion "1"]
[SourceVersionDate "2015.12.18"]
[SourceQuality "1"]

1. d4 d5 2. c4 e6 3. Nc3 Nf6 4. Nf3 Nbd7 5. Bg5 c6 6. e3 Be7 7. Rc1 0-0 8. c5 h6 9. Bh4 Ne4 10. Bxe7 Qxe7 11. Bd3 Ndf6 12. 0-0 Re8 13. Qc2 Nxc3 14. Qxc3 Qc7 15. Ne5 Nd7 16. f4 Nxe5 17. fxe5 Rf8 18. Rf4 Bd7 19. Rcf1 Rae8 20. Bb1 Re7 21. Qc2 g6 22. Rf6 b6 23. Qf2 Be8 24. cxb6 axb6 25. Bxg6 fxg6 26. Rxf8+ Kh7 27. Qf6 Rg7 28. Rxe8 1-0

[Event "Ptuj op 10"]
[Site "Ptuj"]
[Date "2015.10.26"]
[Round "4"]
[White "Murko, Tadej"]
[Black "Pecnik, Maj"]
[Result "1-0"]
[WhiteElo "1602"]
[BlackElo "1406"]
[PlyCount "75"]
[EventDate "2015.10.24"]
[EventType "swiss"]
[EventRounds "9"]
[EventCountry "SLO"]
[SourceTitle "CBM 169 Extra"]
[Source "ChessBase"]
[SourceDate "2015.12.18"]
[SourceVersion "1"]
[SourceVersionDate "2015.12.18"]
[SourceQuality "1"]

1. e4 c5 2. Nf3 d6 3. d4 cxd4 4. Nxd4 Nf6 5. Nc3 e6 6. Be3 a6 7. Qd2 Be7 8. f3 0-0 9. g4 Qc7 10. 0-0-0 b5 11. Bd3 Bb7 12. h4 Nc6 13. h5 Ne5 14. g5 Nxd3+ 15. Qxd3 Nd7 16. g6 fxg6 17. Nxe6 Ne5 18. Nxc7 Nxd3+ 19. Rxd3 Rac8 20. N7d5 Bd8 21. hxg6 hxg6 22. Bb6 Bxd5 23. Nxd5 Rb8 24. Bxd8 Rbxd8 25. Ne7+ Kf7 26. Nc6 Rc8 27. Rxd6 Rh8 28. Rxh8 Rxh8 29. Rd1 Rh3 30. Rf1 Ke6 31. Nb4 a5 32. Nc6 a4 33. Nd4+ Ke5 34. Nxb5 g5 35. Nc3 Kf4 36. Nxa4 Ke3 37. c4 Ke2 38. Rg1 1-0